Спектральные измерения: учебное пособие
| 1. Verfasser: | |
|---|---|
| Körperschaft: | |
| Zusammenfassung: | Заглавие с титульного экрана В пособии представлены описания пяти лабораторных работ, посвященных различного вида спектральным измерениям. Рассмотрены основные характеристики, конструкции и принципы действия призменных и дифракционных спектральных приборов. Подробно описан порядок работы при измерении спектров излучения, поглощения и отражения, а также спектров чувствительности фотоприемников. Приведены формулы и справочные данные для некоторых прикладных расчётов с использованием результатов спектральных измерений. Предназначено для студентов, обучающихся по направлению 200200 "Оптотехника". Режим доступа: из корпоративной сети ТПУ |
| Sprache: | Russisch |
| Veröffentlicht: |
Томск, Изд-во ТПУ, 2010
|
| Schlagworte: | |
| Online-Zugang: | http://www.lib.tpu.ru/fulltext2/m/2011/m81.pdf |
| Format: | MixedMaterials Elektronisch Buch |
| KOHA link: | https://koha.lib.tpu.ru/cgi-bin/koha/opac-detail.pl?biblionumber=194360 |
MARC
| LEADER | 00000nlm0a2200000 4500 | ||
|---|---|---|---|
| 001 | 194360 | ||
| 005 | 20241014090723.0 | ||
| 035 | |a (RuTPU)RU\TPU\book\211982 | ||
| 090 | |a 194360 | ||
| 100 | |a 20110413d2010 m y0rusy50 ca | ||
| 101 | 0 | |a rus | |
| 102 | |a RU | ||
| 105 | |a a j 001zy | ||
| 135 | |a drcn ---uucaa | ||
| 181 | 0 | |a i | |
| 182 | 0 | |a b | |
| 200 | 1 | |a Спектральные измерения |e учебное пособие |f И. П. Денисов |g Национальный исследовательский Томский политехнический университет (ТПУ) | |
| 203 | |a Текст |c электронный | ||
| 210 | |a Томск |c Изд-во ТПУ |d 2010 | ||
| 300 | |a Заглавие с титульного экрана | ||
| 330 | |a В пособии представлены описания пяти лабораторных работ, посвященных различного вида спектральным измерениям. Рассмотрены основные характеристики, конструкции и принципы действия призменных и дифракционных спектральных приборов. Подробно описан порядок работы при измерении спектров излучения, поглощения и отражения, а также спектров чувствительности фотоприемников. Приведены формулы и справочные данные для некоторых прикладных расчётов с использованием результатов спектральных измерений. Предназначено для студентов, обучающихся по направлению 200200 "Оптотехника". | ||
| 333 | |a Режим доступа: из корпоративной сети ТПУ | ||
| 337 | |a Adobe Reader | ||
| 606 | 1 | |a Спектрометры |x Чувствительность |2 stltpush |3 (RuTPU)RU\TPU\subj\55775 |9 73742 | |
| 610 | 1 | |a электронный ресурс | |
| 610 | 1 | |a труды учёных ТПУ | |
| 610 | 1 | |a учебные пособия | |
| 610 | 1 | |a лабораторные работы | |
| 610 | 1 | |a спектральные приборы | |
| 610 | 1 | |a работа | |
| 610 | 1 | |a характеристики | |
| 610 | 1 | |a излучение | |
| 610 | 1 | |a измерения | |
| 610 | 1 | |a измерительные установки | |
| 610 | 1 | |a спектральная чувствительность | |
| 610 | 1 | |a фотоприемники | |
| 610 | 1 | |a пропускание | |
| 610 | 1 | |a поглощение | |
| 610 | 1 | |a отражение | |
| 610 | 1 | |a спектры | |
| 675 | |a 621.317.757(076.5) |v 3 | ||
| 700 | 1 | |a Денисов |b И. П. |c специалист в области светотехники |c заведующий лабораторией Томского политехнического университета |f 1948- |g Игорь Петрович |y Томск |7 ca |8 rus |3 (RuTPU)RU\TPU\pers\28165 |9 13123 | |
| 712 | 0 | 2 | |a Национальный исследовательский Томский политехнический университет (ТПУ) |c (2009- ) |3 (RuTPU)RU\TPU\col\15902 |
| 801 | 1 | |a RU |b 63413507 |c 20110413 | |
| 801 | 2 | |a RU |b 63413507 |c 20160324 |g RCR | |
| 856 | 4 | |u http://www.lib.tpu.ru/fulltext2/m/2011/m81.pdf | |
| 942 | |c CF | ||